An introduction to diet, nutrition & cancer /

This is a scientific yet easy-to-grasp program that explains what cancer is, how it spreads and how nutrients work to prevent and reverse the progress of cancer.

Bibliographic Details
Corporate Author: Health Science Institute
Format: Video VHS
Language:English
Published: McLean, Va. : Health Science Institute, [1995]
Series:Library of nutrition & cancer ; vol. 1.
Subjects:

MARC

Tag First Indicator Second Indicator Subfields
LEADER 00000cgm a2200000la 4500
001 in00001600021
005 20151022170743.0
007 vf cbaho-
008 960301s1995 vau044 g vleng d
035 |a (OCoLC)ocm34300045 
040 |a WVH  |c WVH  |d VET  |d DPL  |d TTU  |d TXA  |d UtOrBLW 
049 |a TXAM 
090 |a RC271.D52  |b I58 1995 
092 |a 616.99449 
245 0 3 |a An introduction to diet, nutrition & cancer /  |c Health Science Institute. 
246 3 |a Introduction to diet, nutrition and cancer 
264 1 |a McLean, Va. :  |b Health Science Institute,  |c [1995] 
264 4 |c ©1995 
300 |a 1 videocassette (44 min.) :  |b sound, color ;  |c 1/2 in. +  |e 1 teacher's guide (81 pages). 
336 |a two-dimensional moving image  |b tdi  |2 rdacontent 
337 |a video  |b v  |2 rdamedia 
338 |a videocassette  |b vf  |2 rdacarrier 
490 1 |a The library of nutrition & cancer ;  |v vol. 1 
538 |a VHS. 
520 |a This is a scientific yet easy-to-grasp program that explains what cancer is, how it spreads and how nutrients work to prevent and reverse the progress of cancer. 
500 |a Videorecording. 
650 0 |a Cancer. 
650 0 |a Nutrition. 
650 0 |a Diet. 
710 2 |a Health Science Institute. 
830 0 |a Library of nutrition & cancer ;  |v vol. 1. 
948 |a cataloged  |b h  |c 2002/3/21  |d c  |e dmitchel  |f 1:44:48 pm 
994 |a E0  |b TXA 
999 |a MARS 
999 f f |s 4814059b-fe0d-3067-bca0-754db200cf49  |i b6cc6608-8534-3c3c-878c-90cb97dd5b65  |t 0 
952 f f |p ric  |a Texas A&M University  |b Rellis Campus  |c Joint Library Facility  |d Remote Storage  |t 0  |e RC271.D52 I58 1995  |h Library of Congress classification  |i video -- videocassette  |m A14828731842 
998 f f |a RC271.D52 I58 1995  |t 0  |l Remote Storage